书目信息 |
| 题名: |
经济学中的经验建模
|
|
| 作者: | 格兰杰 编著 ;洪福海 译 | |
| 分册: | ||
| 出版信息: | 北京 中国人民大学出版社 2005.09 |
|
| 页数: | 83页 | |
| 开本: | 24cm | |
| 丛书名: | 当代世界学术名著 | |
| 单 册: | ||
| 中图分类: | F224.0 | |
| 科图分类: | ||
| 主题词: | 经济模型--jing ji mo xing--研究 | |
| 电子资源: | ||
| ISBN: | 7-300-06576-7 | |
| 000 | 01324nam 2200289 450 | |
| 001 | 012007919698 | |
| 005 | 20070521124927.79 | |
| 010 | @a7-300-06576-7@dCNY18.00 | |
| 100 | @a20070312d2005 km y0chiy0120 ea | |
| 101 | 1 | @achi@ceng |
| 102 | @aCN@b110000 | |
| 105 | @ay a 001yy | |
| 200 | 1 | @a经济学中的经验建模@Ajing ji xue zhong de jing yan jian mo@e设定与评价@d= Empirical modeling in economics@especification and evaluation@f(英) 克莱夫·W·J·格兰杰编著@F(ying)ke lai fu·W·J·ge lan jie bian zhu@g洪福海译@Ghong fu hai yi@zeng |
| 210 | @a北京@c中国人民大学出版社@d2005.09 | |
| 215 | @a83页@d24cm | |
| 225 | 2 | @a当代世界学术名著@Adang dai shi jie xue shu ming zhu@i经济学系列 |
| 305 | @a本书根据1999年版译出 | |
| 320 | @a有书目和索引 | |
| 330 | @a本书阐明了构建和评价经验模型的过程。第一章分析模型的设定问题;第二章指出了经济学家们对于评价的忽视,以及应该以模型的结果的质量为准绳来评价模型;第三章进一步讨论如何评价预测的问题。 | |
| 410 | 0 | @12001 @a当代世界学术名著@i经济学系列 |
| 500 | 10 | @aEmpirical modeling in economics: specification and evaluation@mChinese |
| 606 | 0 | @a经济模型@Ajing ji mo xing@x研究 |
| 690 | @aF224.0@v4 | |
| 701 | 1 | @a格兰杰@Age lan jie@g(Granger, Clive W. J.),@f1934-@4编著 |
| 702 | 0 | @a洪福海@Ahong fu hai@4译 |
| 801 | 0 | @aCN@c20070521 |
| 905 | @a10447@dF224.0@eG276 | |
| 经济学中的经验建模:设定与评价= Empirical modeling in economics:specification and evaluation/(英) 克莱夫·W·J·格兰杰编著/洪福海译.-北京:中国人民大学出版社,2005.09 |
| 83页;24cm.-(当代世界学术名著.经济学系列) |
| ISBN 7-300-06576-7:CNY18.00 |
| 本书阐明了构建和评价经验模型的过程。第一章分析模型的设定问题;第二章指出了经济学家们对于评价的忽视,以及应该以模型的结果的质量为准绳来评价模型;第三章进一步讨论如何评价预测的问题。 |
| ● |
| 相关链接 |
|
|
|
正题名:经济学中的经验建模
索取号:F224.0/G276
 
预约/预借
| 序号 | 登录号 | 条形码 | 馆藏地/架位号 | 状态 | 备注 |
| 1 | 236960 | 202369604 | 社科库409/409社科库 72排4列1层/ [索取号:F224.0/G276] | 在馆 | |
| 2 | 236961 | 202369613 | 社科库409/409社科库 72排4列1层/ [索取号:F224.0/G276] | 在馆 | |
| 3 | 236962 | 202369622 | 社科库409/409社科库 72排4列1层/ [索取号:F224.0/G276] | 在馆 |